000 00845nam a2200241 a 4500
001 BRCA_4267
005 20190320204616.0
008 170610s1986----mx-a######---#000-0#spa-#
020 _a9688381306
041 _aspa
044 _amx
050 4 _aN7914
_b.C38 1986
245 1 0 _aCatedral de México
_bpatrimonio artístico y cultural.
260 _aMéxico
_bSecretaría de Desarrollo Urbano y Ecología : Fomento Cultural Banamex
_c1986
300 _a635 p.
_bil. (algunas a color)
_c34 cm.
500 _aIncluye índice de autógrafos y obra de restauración y recimentación
500 _aColección Sonia Corcuera de Mancera
504 _aBibliografía: p. 627-632
610 2 4 _aCatedral de México
_vCatálogos
_xHistoria
_911000
650 1 4 _aArte cristiano y simbolismo
_vCatálogos
_zMéxico
_9380
902 _aDSC
942 _2lcc
_cB
999 _c3978
_d3978